Kleinste Länder Europas - Statistiken

Allgemein
  • Dieses Quiz wurde 836 mal gespielt
  • Das Durchschnittsergebnis liegt bei 8 aus 10
Antwortstatistiken
Rang Fläche in km² Land % Korrekt
1 0,44 Vatikanstadt
99%
4 160 Liechtenstein
97%
2 2,03 Monaco
96%
7 2.586 Luxemburg
95%
6 468 Andorra
94%
3 61 San Marino
93%
5 316 Malta
83%
8 10.887 Kosovo
77%
9 13.812 Montenegro
65%
10 20.273 Slowenien
43%
Keine übereinstimmenden Quizze gefunden
Verteilung der Resultate
Anzahl Personen mit jedem Resultat
Perzentil nach korrekt beantworteten Fragen
Ihre Resultats-Entwicklung
Sie haben dieses Quiz noch nicht gespielt